[Event "Isle of Man Major Minor"]
[Site "Douglas"]
[Date "2023.10.30"]
[Round "3.7"]
[White "Coe, Lawrence"]
[Black "Berendsen, David"]
[Result "0-1"]
[WhiteElo "1805"]
[BlackElo "1805"]
[PlyCount "112"]
[EventDate "2023.10.28"]
[EventType "swiss"]
[EventRounds "7"]
[EventCountry "IOM"]
[SourceTitle "BritBase"]
[Source "John Saunders"]
[SourceDate "2023.11.12"]
[SourceVersion "1"]
[SourceVersionDate "2023.11.12"]
[SourceQuality "1"]

1. c4 f5 2. Nc3 Nf6 3. d4 e6 4. Nf3 b6 5. e3 Bb4 6. Be2 Bb7 7. O-O O-O 8. Bd2
d6 9. Rc1 Bxc3 10. Bxc3 Ne4 11. Nd2 Nd7 12. Bb4 a5 13. Ba3 Nxd2 14. Qxd2 Qg5
15. f3 Rf6 16. Rf2 c5 17. f4 Qh4 18. b3 Rg6 19. Bf3 Bxf3 20. Rxf3 Nf6 21. Qe1
Qxe1+ 22. Rxe1 Ne4 23. Rd1 Rf6 24. Bb2 Rf7 25. Rff1 a4 26. dxc5 bxc5 27. h3 h5
28. Rd3 Rb7 29. Rfd1 axb3 30. axb3 Ra6 31. Ra1 Rxa1+ 32. Bxa1 Ra7 33. Bb2 Ra2
34. Bc3 Kf7 35. Kh2 g6 36. Be1 Rb2 37. Ba5 Ke7 38. Be1 Kd7 39. Ba5 Kc6 40. Be1
d5 41. h4 Rc2 42. cxd5+ exd5 43. Ba5 Nf2 44. Rd2 Ng4+ 45. Kg3 Nxe3 46. Kf2 d4
47. g3 Kb5 48. Rxc2 Nxc2 49. Bd2 Na1 50. b4 Nb3 51. Be1 c4 52. Ke2 Nc1+ 53. Kd1
Nd3 54. Bd2 c3 55. Bxc3 dxc3 56. Kc2 Kc4 0-1

[Event "Isle of Man Major Minor"]
[Site "Douglas"]
[Date "2023.10.30"]
[Round "3.8"]
[White "Allen, Keith"]
[Black "Mehmet, Zia"]
[Result "0-1"]
[WhiteElo "2128"]
[BlackElo "1822"]
[PlyCount "140"]
[EventDate "2023.10.28"]
[EventType "swiss"]
[EventRounds "7"]
[EventCountry "IOM"]
[SourceTitle "BritBase"]
[Source "John Saunders"]
[SourceDate "2023.11.12"]
[SourceVersion "1"]
[SourceVersionDate "2023.11.12"]
[SourceQuality "1"]

1. e4 d5 2. exd5 Qxd5 3. Nc3 Qd6 4. d4 Nf6 5. Nf3 a6 6. g3 b5 7. Bg2 Bb7 8. O-O
e6 9. Qe2 Be7 10. Bf4 Qd8 11. Rad1 O-O 12. a4 b4 13. Nb1 Nbd7 14. c4 bxc3 15.
Nxc3 Nd5 16. Be3 N7f6 17. Ne5 Bd6 18. Bg5 Be7 19. Bxf6 Bxf6 20. Ne4 Be7 21. Nc5
Bxc5 22. dxc5 a5 23. Qd2 c6 24. Rfe1 Qc7 25. Nc4 Rfd8 26. Nd6 Rab8 27. Qd3 Ra8
28. Bh3 Rf8 29. Bg2 Ba6 30. Qc2 Rab8 31. Rd4 Qd8 32. Be4 h6 33. Qd2 Qc7 34. Bb1
Rb4 35. Qc2 g6 36. Rxb4 axb4 37. h4 h5 38. Qd2 Kh7 39. Qg5 Kg8 40. b3 Qe7 41.
Qe5 Qf6 42. Qxf6 Nxf6 43. Be4 Nd5 44. Bxd5 cxd5 45. Rd1 Rb8 46. Rd4 Kf8 47. Nb5
Rc8 48. Rxb4 Rxc5 49. f4 Bxb5 50. axb5 Rc7 51. f5 gxf5 52. Kf2 Ke7 53. Ke2 e5
54. Kd3 Kd6 55. Ra4 Kc5 56. Ra6 Kxb5 57. Rf6 Kb4 58. Rxf5 Re7 59. Rxh5 e4+ 60.
Ke2 d4 61. Rd5 Kc3 62. b4 Ra7 63. b5 Ra2+ 64. Kf1 d3 65. b6 e3 66. Rd7 Rf2+ 67.
Kg1 f6 68. g4 e2 69. Re7 d2 70. Re3+ Kd4 0-1

[Event "Isle of Man Major Minor"]
[Site "Douglas"]
[Date "2023.10.30"]
[Round "3.9"]
[White "Cross, Glenn"]
[Black "Slade, Robin"]
[Result "0-1"]
[WhiteElo "1742"]
[BlackElo "1960"]
[PlyCount "84"]
[EventDate "2023.10.28"]
[EventType "swiss"]
[EventRounds "7"]
[EventCountry "IOM"]
[SourceTitle "BritBase"]
[Source "John Saunders"]
[SourceDate "2023.11.12"]
[SourceVersion "1"]
[SourceVersionDate "2023.11.12"]
[SourceQuality "1"]

1. d4 f5 2. g3 e6 3. Bg2 Nf6 4. Nf3 d5 5. O-O c6 6. Nbd2 Nbd7 7. c4 Bd6 8. c5
Bc7 9. b4 a5 10. Qa4 O-O 11. Ba3 Ne4 12. Rfc1 Nxd2 13. Nxd2 Qf6 14. b5 e5 15.
bxc6 bxc6 16. dxe5 Bxe5 17. Rab1 f4 18. Rb3 fxg3 19. Rf3 gxf2+ 20. Kxf2 Qh6 21.
Rxf8+ Nxf8 22. Nf3 Bc7 23. e4 Bg4 24. Rc3 Re8 25. Bc1 Qf6 26. Re3 Bf4 27. e5
Bxe3+ 28. Bxe3 Qf5 29. Qxc6 Rxe5 30. Qc7 Qc2+ 31. Nd2 Rf5+ 32. Kg3 Bh5 33. Qe7
Qd1 34. h3 Qe1+ 35. Kh2 d4 36. Bg5 Qxe7 37. Bxe7 Re5 38. Bd6 Re2 39. c6 Rxd2
40. c7 Bf3 41. Kg3 Rxg2+ 42. Kxf3 Rc2 0-1

[Event "Isle of Man Major Minor"]
[Site "Douglas"]
[Date "2023.10.30"]
[Round "3.10"]
[White "Landenberger, Anja Kathrin"]
[Black "Waddington, Michael P"]
[Result "1/2-1/2"]
[WhiteElo "1732"]
[BlackElo "1931"]
[PlyCount "43"]
[EventDate "2023.10.28"]
[EventType "swiss"]
[EventRounds "7"]
[EventCountry "IOM"]
[SourceTitle "BritBase"]
[Source "John Saunders"]
[SourceDate "2023.11.12"]
[SourceVersion "1"]
[SourceVersionDate "2023.11.12"]
[SourceQuality "1"]

1. d4 f5 2. Nf3 Nf6 3. e3 d6 4. c4 g6 5. b3 Bg7 6. Bb2 O-O 7. Be2 Nc6 8. O-O e5
9. dxe5 Ng4 10. h3 Ngxe5 11. Nxe5 Nxe5 12. Qc2 f4 13. exf4 Rxf4 14. Nd2 Bf5 15.
Qc1 Qg5 16. Nf3 Qh6 17. Nxe5 dxe5 18. g3 Qxh3 19. gxf4 Be4 20. f3 Qg3+ 21. Kh1
Qh3+ 22. Kg1 1/2-1/2

[Event "Isle of Man Major Minor"]
[Site "Douglas"]
[Date "2023.10.30"]
[Round "3.11"]
[White "Fabri, Henrik"]
[Black "Towers, Brian"]
[Result "1-0"]
[WhiteElo "1903"]
[BlackElo "1703"]
[PlyCount "83"]
[EventDate "2023.10.28"]
[EventType "swiss"]
[EventRounds "7"]
[EventCountry "IOM"]
[SourceTitle "BritBase"]
[Source "John Saunders"]
[SourceDate "2023.11.12"]
[SourceVersion "1"]
[SourceVersionDate "2023.11.12"]
[SourceQuality "1"]

1. d4 d5 2. Nf3 e6 3. c4 c6 4. e3 f5 5. Nc3 Nf6 6. Bd3 Bd6 7. O-O O-O 8. c5 Bc7
9. b4 Ne4 10. Bxe4 fxe4 11. Ne5 Qh4 12. g3 Qh3 13. Ne2 Qf5 14. f4 Qh3 15. Bd2
Bd7 16. Nxd7 Nxd7 17. Kh1 Nf6 18. Ng1 Qg4 19. Qxg4 Nxg4 20. h3 Nf6 21. a4 a6
22. Kg2 h5 23. Ra2 Nh7 24. Rfa1 g5 25. Ne2 gxf4 26. gxf4 Kf7 27. Kh1 Rg8 28. b5
Ke7 29. b6 Bd8 30. Rg1 Kf7 31. Be1 Be7 32. Nc1 Rad8 33. Rxg8 Kxg8 34. Nb3 Kf7
35. Na5 Rb8 36. Rg2 Bf6 37. Kg1 Be7 38. Kf1 Bf6 39. Ke2 Be7 40. Bg3 Rg8 41. Kf2
Bh4 42. Bxh4 1-0

[Event "Isle of Man Major Minor"]
[Site "Douglas"]
[Date "2023.10.30"]
[Round "3.12"]
[White "Costello, John"]
[Black "Ireland, David J"]
[Result "0-1"]
[WhiteElo "1720"]
[BlackElo "1897"]
[PlyCount "66"]
[EventDate "2023.10.28"]
[EventType "swiss"]
[EventRounds "7"]
[EventCountry "IOM"]
[SourceTitle "BritBase"]
[Source "John Saunders"]
[SourceDate "2023.11.12"]
[SourceVersion "1"]
[SourceVersionDate "2023.11.12"]
[SourceQuality "1"]

1. d4 Nf6 2. c4 e6 3. Nc3 Bb4 4. Nf3 b6 5. Bg5 h6 6. Bh4 g5 7. Bg3 Ne4 8. Qc2
Bb7 9. e3 d6 10. Nd2 Bxc3 11. bxc3 f5 12. f3 Nxd2 13. Kxd2 Qf6 14. Bf2 Nc6 15.
Bd3 Rf8 16. Rab1 e5 17. d5 Na5 18. Rhf1 O-O-O 19. Rb5 e4 20. Be2 c6 21. Rxa5
bxa5 22. fxe4 fxe4 23. Bg3 Qe7 24. Bg4+ Kb8 25. Rb1 Ka8 26. Be6 cxd5 27. cxd5
Rb8 28. Qa4 Qc7 29. Qxe4 Ba6 30. Rxb8+ Rxb8 31. Qc2 Qc4 32. Bxd6 Qe2+ 33. Kc1
Qe1+ 0-1

[Event "Isle of Man Major Minor"]
[Site "Douglas"]
[Date "2023.10.30"]
[Round "3.13"]
[White "Carr, Jay A"]
[Black "Pert, Max P"]
[Result "0-1"]
[WhiteElo "1683"]
[BlackElo "1893"]
[PlyCount "76"]
[EventDate "2023.10.28"]
[EventType "swiss"]
[EventRounds "7"]
[EventCountry "IOM"]
[SourceTitle "BritBase"]
[Source "John Saunders"]
[SourceDate "2023.11.12"]
[SourceVersion "1"]
[SourceVersionDate "2023.11.12"]
[SourceQuality "1"]

1. Nf3 d5 2. e3 c5 3. b3 Nc6 4. Bb2 a6 5. c4 d4 6. exd4 cxd4 7. d3 e5 8. Nbd2
Be6 9. a3 a5 10. Qe2 f6 11. g3 Nh6 12. Bg2 Nf7 13. O-O Be7 14. Ne1 O-O 15. Nc2
Qb6 16. Rac1 Rfe8 17. f4 Bf8 18. f5 Bd7 19. Na1 Ne7 20. g4 Bc6 21. Ne4 Nc8 22.
Qe1 Qc7 23. b4 axb4 24. axb4 Ra2 25. Rf2 b6 26. b5 Bb7 27. Bxd4 Ra3 28. Bb2
Rxd3 29. Rf3 Rxf3 30. Bxf3 Ncd6 31. Nb3 Nxe4 32. Bxe4 Ng5 33. Bd5+ Bxd5 34.
cxd5 Qd7 35. Qd1 Qxb5 36. Rc3 Rd8 37. Rd3 e4 38. Bxf6 gxf6 0-1

[Event "Isle of Man Major Minor"]
[Site "Douglas"]
[Date "2023.10.30"]
[Round "3.14"]
[White "Dobson, Howard"]
[Black "Fleming, Andrew S J"]
[Result "0-1"]
[WhiteElo "1671"]
[BlackElo "1872"]
[PlyCount "98"]
[EventDate "2023.10.28"]
[EventType "swiss"]
[EventRounds "7"]
[EventCountry "IOM"]
[SourceTitle "BritBase"]
[Source "John Saunders"]
[SourceDate "2023.11.12"]
[SourceVersion "1"]
[SourceVersionDate "2023.11.12"]
[SourceQuality "1"]

1. d4 e6 2. Bf4 c5 3. c3 Nf6 4. Nf3 cxd4 5. cxd4 Bb4+ 6. Nbd2 O-O 7. a3 Be7 8.
e3 d6 9. Bd3 Nbd7 10. O-O Re8 11. Rc1 Nf8 12. Re1 Ng6 13. Bg3 Nh5 14. Nf1 Bd7
15. h3 Nxg3 16. Nxg3 Bc6 17. b4 a6 18. a4 Qd7 19. a5 Rac8 20. Ne4 Bxe4 21. Bxe4
d5 22. Bxg6 hxg6 23. Ne5 Rxc1 24. Qxc1 Qc8 25. Qb2 Bd6 26. Rc1 Qd8 27. Nd3 Qe7
28. Qc3 g5 29. Nc5 g6 30. Nd3 Kg7 31. Nc5 Rh8 32. f3 f5 33. Qe1 g4 34. hxg4
Bh2+ 35. Kf1 fxg4 36. f4 Bxf4 37. Ke2 Bd6 38. Kd3 Rh2 39. e4 Rxg2 40. exd5 Rg3+
41. Kc2 exd5 42. Qxe7+ Bxe7 43. Re1 Kf7 44. Nd3 Bd6 45. Kd2 Kf6 46. Ke2 Rf3 47.
Rg1 Kf5 48. Ne5 Bxe5 49. dxe5 Rf4 0-1

[Event "Isle of Man Major Minor"]
[Site "Douglas"]
[Date "2023.10.30"]
[Round "3.15"]
[White "Watkinson, Colin"]
[Black "Cross, Kyle"]
[Result "1/2-1/2"]
[WhiteElo "1547"]
[BlackElo "1664"]
[PlyCount "73"]
[EventDate "2023.10.28"]
[EventType "swiss"]
[EventRounds "7"]
[EventCountry "IOM"]
[SourceTitle "BritBase"]
[Source "John Saunders"]
[SourceDate "2023.11.12"]
[SourceVersion "1"]
[SourceVersionDate "2023.11.12"]
[SourceQuality "1"]

1. e4 c6 2. Nf3 d5 3. Nc3 dxe4 4. Nxe4 Bg4 5. h3 Bxf3 6. Qxf3 e6 7. Bc4 Nd7 8.
O-O Ne5 9. Qe2 Nxc4 10. Qxc4 Nf6 11. d3 Be7 12. Re1 O-O 13. Ng5 Qd5 14. Qxd5
cxd5 15. d4 Rac8 16. c3 Bd6 17. g4 Rfe8 18. f4 h6 19. Nf3 Ne4 20. Be3 a5 21.
Nd2 Nxd2 22. Bxd2 b5 23. a3 f6 24. h4 e5 25. fxe5 fxe5 26. Be3 exd4 27. Bxd4
Bg3 28. Bf2 Bxf2+ 29. Kxf2 Kf7 30. Rxe8 Rxe8 31. Re1 Rxe1 32. Kxe1 Ke6 33. Kf2
Ke5 34. Ke3 g6 35. b3 h5 36. g5 Kf5 37. Kf3 1/2-1/2

[Event "Isle of Man Major Minor"]
[Site "Douglas"]
[Date "2023.10.30"]
[Round "3.16"]
[White "Smith, Paul"]
[Black "Dunkley, David"]
[Result "1-0"]
[WhiteElo "1653"]
[BlackElo "1270"]
[PlyCount "103"]
[EventDate "2023.10.28"]
[EventType "swiss"]
[EventRounds "7"]
[EventCountry "IOM"]
[SourceTitle "BritBase"]
[Source "John Saunders"]
[SourceDate "2023.11.12"]
[SourceVersion "1"]
[SourceVersionDate "2023.11.12"]
[SourceQuality "1"]

1. d4 d5 2. Bf4 Nc6 3. c3 Bf5 4. Nf3 e6 5. e3 Bd6 6. Bg3 Nf6 7. Nbd2 O-O 8. Be2
Ne4 9. Nh4 Nxg3 10. hxg3 Ne7 11. Nxf5 exf5 12. Qc2 g6 13. O-O-O Qd7 14. Rh6 a6
15. Rdh1 Nc8 16. Rxh7 Nb6 17. Kb1 Rae8 18. Bd3 Qa4 19. b3 Qd7 20. g4 fxg4 21.
Bxg6 Qe6 22. Bf5 Qf6 23. g3 Rb8 24. R1h4 Rfe8 25. Rxg4+ Kf8 26. Rgh4 Ke7 27. g4
Rh8 28. Kb2 Rxh7 29. Rxh7 Rh8 30. f4 Rxh7 31. Bxh7 Qh4 32. g5 Qf2 33. Qd3 c5
34. f5 c4 35. f6+ Kf8 36. Qc2 Qxe3 37. g6 fxg6 38. Bxg6 Qf2 39. f7 a5 40. bxc4
Nxc4+ 41. Nxc4 Qxc2+ 42. Kxc2 dxc4 43. a4 Kg7 44. Bh5 Kh6 45. Be2 Kg7 46. Bxc4
b6 47. Kd3 Kf6 48. Ke4 Ke7 49. Kd5 Kd7 50. Bb5+ Kc7 51. Ke6 Kd8 52. Kxd6 1-0

[Event "Isle of Man Major Minor"]
[Site "Douglas"]
[Date "2023.10.30"]
[Round "3.18"]
[White "Armstrong, Chris"]
[Black "Allen, John P"]
[Result "0-1"]
[WhiteElo "1485"]
[BlackElo "1598"]
[PlyCount "102"]
[EventDate "2023.10.28"]
[EventType "swiss"]
[EventRounds "7"]
[EventCountry "IOM"]
[SourceTitle "BritBase"]
[Source "John Saunders"]
[SourceDate "2023.11.12"]
[SourceVersion "1"]
[SourceVersionDate "2023.11.12"]
[SourceQuality "1"]

1. d4 Nf6 2. c4 c5 3. d5 b5 4. cxb5 a6 5. bxa6 g6 6. Nc3 Bg7 7. e4 Qa5 8. Bd2
d6 9. Nb5 Qb6 10. Qa4 O-O 11. a3 Nxa6 12. Ba5 Qb7 13. f3 Ne8 14. Qc2 Bd7 15. a4
Nec7 16. Qb3 f5 17. Bc4 Rac8 18. Nxc7 Qxb3 19. Bxb3 Nxc7 20. Rb1 Na6 21. Bc4
Nb4 22. Bxb4 cxb4 23. Bb5 Be8 24. Ne2 Ra8 25. O-O Ra7 26. Nf4 Bxb5 27. axb5 Rb8
28. Ne6 Bf6 29. Rfc1 Rab7 30. Rc7 Rxc7 31. Nxc7 Rb7 32. Ne6 fxe4 33. fxe4 h5
34. b3 Rxb5 35. Rc1 Ra5 36. Nf4 Bd4+ 37. Kf1 Kf7 38. Nd3 Bc3 39. Ke2 Ra2+ 40.
Kf3 Rd2 41. Nf2 Rb2 42. Nd1 Rxb3 43. Ke2 Kf6 44. g3 Ke5 45. Nf2 Bd4 46. Nd3+
Kxe4 47. Nf4 Rb2+ 48. Kf1 Rf2+ 49. Ke1 g5 50. Ne2 Rxh2 51. Rc4 Ke3 0-1

[Event "Isle of Man Major Minor"]
[Site "Douglas"]
[Date "2023.10.30"]
[Round "3.19"]
[White "Woodard, Brian"]
[Black "Jackson, Antony"]
[Result "1-0"]
[WhiteElo "1649"]
[BlackElo "1366"]
[PlyCount "75"]
[EventDate "2023.10.28"]
[EventType "swiss"]
[EventRounds "7"]
[EventCountry "IOM"]
[SourceTitle "BritBase"]
[Source "John Saunders"]
[SourceDate "2023.11.12"]
[SourceVersion "1"]
[SourceVersionDate "2023.11.12"]
[SourceQuality "1"]

1. d4 d5 2. Bf4 Nf6 3. Nf3 e6 4. e3 a6 5. Nbd2 c5 6. c3 Nc6 7. Bd3 c4 8. Be2 b5
9. Ne5 Ne7 10. Ndf3 Nh5 11. Nxf7 Kxf7 12. Ne5+ Kg8 13. Bxh5 g6 14. Bg4 h5 15.
Bg3 g5 16. Bxh5 Rh7 17. Ng4 Nf5 18. Ne5 Nxg3 19. fxg3 Bd6 20. Qc2 Rg7 21. Ng4
Rh7 22. O-O Raa7 23. Nf6+ Kh8 24. Nxh7 Rxh7 25. Rf2 Rg7 26. g4 e5 27. Raf1 e4
28. g3 Bd7 29. Rf6 Be8 30. Bxe8 Qxe8 31. Rxd6 Kh7 32. Qf2 a5 33. Qf5+ Rg6 34.
Qxg6+ Qxg6 35. Rxg6 Kxg6 36. Rf5 b4 37. Rxd5 bxc3 38. bxc3 1-0

[Event "Isle of Man Major Minor"]
[Site "Douglas"]
[Date "2023.10.31"]
[Round "4.1"]
[White "Nicholas, Koichi B"]
[Black "Spence, David J"]
[Result "1-0"]
[WhiteElo "2139"]
[BlackElo "2133"]
[PlyCount "81"]
[EventDate "2023.10.28"]
[EventType "swiss"]
[EventRounds "7"]
[EventCountry "IOM"]
[SourceTitle "BritBase"]
[Source "John Saunders"]
[SourceDate "2023.11.12"]
[SourceVersion "1"]
[SourceVersionDate "2023.11.12"]
[SourceQuality "1"]

1. e4 e6 2. d4 d5 3. exd5 exd5 4. Bd3 Nc6 5. c3 Bd6 6. Nf3 Bg4 7. O-O Nge7 8.
a4 Qd7 9. Na3 a6 10. Nc2 Bf5 11. Be2 f6 12. Ne3 Be6 13. b4 Ng6 14. g3 Nce7 15.
Re1 Kf7 16. h4 Nf5 17. Ng2 c6 18. h5 Nge7 19. Bf4 g5 20. Bxg5 fxg5 21. Nxg5+
Kf6 22. Nxe6 Qxe6 23. Bd3 Qd7 24. Qf3 Rhg8 25. g4 Rg5 26. Rxe7 Bxe7 27. Ne3 Kg7
28. Bxf5 Qc7 29. Re1 Rf8 30. Ng2 Bd6 31. Qe3 Rfxf5 32. gxf5 Rxf5 33. Qe6 Rf8
34. Re2 Kh8 35. h6 Qd8 36. f4 Qb8 37. Qd7 Rg8 38. Re6 Bf8 39. Qf7 Qd8 40. Kf2
a5 41. bxa5 1-0

[Event "Isle of Man Major Minor"]
[Site "Douglas"]
[Date "2023.10.31"]
[Round "4.2"]
[White "Berendsen, David"]
[Black "Walton, Alan J"]
[Result "1/2-1/2"]
[WhiteElo "1805"]
[BlackElo "2051"]
[PlyCount "32"]
[EventDate "2023.10.28"]
[EventType "swiss"]
[EventRounds "7"]
[EventCountry "IOM"]
[SourceTitle "BritBase"]
[Source "John Saunders"]
[SourceDate "2023.11.12"]
[SourceVersion "1"]
[SourceVersionDate "2023.11.12"]
[SourceQuality "1"]

1. c4 f5 2. d4 e6 3. g3 Nf6 4. Bg2 Be7 5. b3 O-O 6. Bb2 d6 7. Nh3 Qe8 8. O-O
Bd8 9. Nc3 e5 10. e4 exd4 11. Qxd4 Nc6 12. Qd2 Nxe4 13. Nxe4 fxe4 14. Rae1 Bf5
15. Qd5+ Qf7 16. Nf4 Qxd5 1/2-1/2

[Event "Isle of Man Major Minor"]
[Site "Douglas"]
[Date "2023.10.31"]
[Round "4.3"]
[White "Jackson, Oliver A"]
[Black "Pert, Max P"]
[Result "1-0"]
[WhiteElo "2072"]
[BlackElo "1893"]
[PlyCount "77"]
[EventDate "2023.10.28"]
[EventType "swiss"]
[EventRounds "7"]
[EventCountry "IOM"]
[SourceTitle "BritBase"]
[Source "John Saunders"]
[SourceDate "2023.11.12"]
[SourceVersion "1"]
[SourceVersionDate "2023.11.12"]
[SourceQuality "1"]

1. e4 c5 2. Nc3 Nc6 3. f4 g6 4. Nf3 Bg7 5. Bb5 Nd4 6. a4 a6 7. Bd3 e6 8. O-O
Ne7 9. e5 Nxf3+ 10. Qxf3 d5 11. exd6 Qxd6 12. Ne4 Qc7 13. Bc4 O-O 14. d3 b6 15.
c3 Bb7 16. Qf2 Rac8 17. Bd2 Qc6 18. Rfe1 Rfd8 19. Ng5 Nd5 20. Nf3 Ne7 21. Ne5
Qc7 22. Re2 Nf5 23. Rae1 Bxe5 24. fxe5 Qc6 25. Bg5 Rd7 26. Bb3 Rxd3 27. Bc2 c4
28. Bxd3 cxd3 29. Rd2 Qxa4 30. Rxd3 Bd5 31. h3 Qc4 32. Rd2 Rc6 33. g4 Ng7 34.
Rf1 Rc7 35. Rd4 Qc6 36. c4 Bxc4 37. Rc1 Qb5 38. b3 Qxe5 39. Rd8+ 1-0

[Event "Isle of Man Major Minor"]
[Site "Douglas"]
[Date "2023.10.31"]
[Round "4.4"]
[White "Pert, Nina P"]
[Black "Mehmet, Zia"]
[Result "1-0"]
[WhiteElo "2043"]
[BlackElo "1822"]
[PlyCount "71"]
[EventDate "2023.10.28"]
[EventType "swiss"]
[EventRounds "7"]
[EventCountry "IOM"]
[SourceTitle "BritBase"]
[Source "John Saunders"]
[SourceDate "2023.11.12"]
[SourceVersion "1"]
[SourceVersionDate "2023.11.12"]
[SourceQuality "1"]

1. e4 d5 2. exd5 Qxd5 3. Nc3 Qd6 4. d4 Nf6 5. Bc4 a6 6. Nge2 Qc6 7. Qd3 Qxg2 8.
Rg1 Qc6 9. Bf4 g6 10. Ng3 Qd7 11. O-O-O Nc6 12. Rge1 h5 13. d5 Na5 14. d6 cxd6
15. Bxd6 Nxc4 16. Qxc4 Qc6 17. Qd3 Be6 18. Rxe6 O-O-O 19. Bf4 Rxd3 20. Rxc6+
bxc6 21. Rxd3 Ng4 22. Nce4 f5 23. Ng5 e5 24. Bd2 Nxf2 25. Rc3 h4 26. Nf1 Bh6
27. Rxc6+ Kb7 28. Rxg6 Ng4 29. Nf7 Bxd2+ 30. Kxd2 Rf8 31. Rg7 Kb6 32. Ke2 Rc8
33. c3 Rc4 34. h3 Re4+ 35. Kf3 Nf6 36. Rg5 1-0

[Event "Isle of Man Major Minor"]
[Site "Douglas"]
[Date "2023.10.31"]
[Round "4.5"]
[White "Ireland, David J"]
[Black "Coote, Trevor D"]
[Result "0-1"]
[WhiteElo "1897"]
[BlackElo "2001"]
[PlyCount "58"]
[EventDate "2023.10.28"]
[EventType "swiss"]
[EventRounds "7"]
[EventCountry "IOM"]
[SourceTitle "BritBase"]
[Source "John Saunders"]
[SourceDate "2023.11.12"]
[SourceVersion "1"]
[SourceVersionDate "2023.11.12"]
[SourceQuality "1"]

1. c4 e5 2. Nc3 f5 3. d4 e4 4. g3 c6 5. Bg2 Nf6 6. Bg5 h6 7. Bxf6 Qxf6 8. e3
Qf7 9. Qb3 Na6 10. Nge2 g5 11. O-O g4 12. h4 d6 13. Nf4 Nc7 14. d5 Bg7 15. dxc6
bxc6 16. Nxe4 fxe4 17. Bxe4 O-O 18. Bxc6 Ba6 19. Nd5 Rab8 20. Nxc7 Qxc7 21.
Bd5+ Kh8 22. Qd3 Be5 23. Rab1 Qg7 24. b4 Bb7 25. a4 Bxd5 26. Qxd5 Rf3 27. c5
Qf6 28. Kg2 Rf8 29. cxd6 Bxg3 0-1

[Event "Isle of Man Major Minor"]
[Site "Douglas"]
[Date "2023.10.31"]
[Round "4.6"]
[White "Slade, Robin"]
[Black "Dyshliuk, Fedir"]
[Result "1-0"]
[WhiteElo "1960"]
[BlackElo "1393"]
[PlyCount "97"]
[EventDate "2023.10.28"]
[EventType "swiss"]
[EventRounds "7"]
[EventCountry "IOM"]
[SourceTitle "BritBase"]
[Source "John Saunders"]
[SourceDate "2023.11.12"]
[SourceVersion "1"]
[SourceVersionDate "2023.11.12"]
[SourceQuality "1"]

1. e4 c6 2. d4 d5 3. f3 Qb6 4. Nc3 dxe4 5. fxe4 e5 6. dxe5 Be6 7. Nf3 Bc5 8.
Bd3 Nd7 9. Na4 Qc7 10. Nxc5 Nxc5 11. O-O O-O-O 12. Qe2 h6 13. Be3 Nd7 14. a4 g5
15. Bc4 Ne7 16. Nd4 Bxc4 17. Qxc4 Nxe5 18. Qe2 h5 19. Nf3 f6 20. Bxa7 N7g6 21.
a5 Nf4 22. Qe1 Qd6 23. Nxe5 fxe5 24. Bb6 Rdf8 25. a6 bxa6 26. Qa5 Ne2+ 27. Kh1
Nd4 28. Qxa6+ Kd7 29. Qb7+ Ke6 30. Bxd4 exd4 31. Qb3+ Ke5 32. Qg3+ Ke6 33. Qxg5
Qe5 34. Qg6+ Rf6 35. Rxf6+ Qxf6 36. Qxf6+ Kxf6 37. Ra5 Re8 38. Rxh5 Rxe4 39.
Kg1 Re1+ 40. Kf2 Rc1 41. Rh6+ Kf5 42. Rxc6 d3 43. Ke3 dxc2 44. Kd2 Rg1 45. Rxc2
Rxg2+ 46. Kd3 Rg8 47. b4 Rd8+ 48. Kc3 Kg4 49. b5 1-0

[Event "Isle of Man Major Minor"]
[Site "Douglas"]
[Date "2023.10.31"]
[Round "4.7"]
[White "Fleming, Andrew S J"]
[Black "Sipos, Silvester"]
[Result "1/2-1/2"]
[WhiteElo "1872"]
[BlackElo "1950"]
[PlyCount "90"]
[EventDate "2023.10.28"]
[EventType "swiss"]
[EventRounds "7"]
[EventCountry "IOM"]
[SourceTitle "BritBase"]
[Source "John Saunders"]
[SourceDate "2023.11.12"]
[SourceVersion "1"]
[SourceVersionDate "2023.11.12"]
[SourceQuality "1"]

1. e4 c6 2. d4 d5 3. Nc3 dxe4 4. Nxe4 Nf6 5. Nxf6+ exf6 6. Nf3 Bd6 7. Bd3 O-O
8. O-O Bg4 9. c3 Nd7 10. Re1 Re8 11. Be3 Nf8 12. Be2 Qc7 13. h3 Bh5 14. Nh4 Bg6
15. Nxg6 hxg6 16. Bf3 Re7 17. Bd2 Rae8 18. Qa4 a6 19. Rxe7 Rxe7 20. Qc4 Nd7 21.
Re1 Nb6 22. Rxe7 Qxe7 23. Qe2 Qe6 24. Qxe6 fxe6 25. b3 a5 26. c4 Bb4 27. Bxb4
axb4 28. Kf1 Kf7 29. Ke2 Ke7 30. Kd3 Nd7 31. c5 Nb8 32. Kc4 Na6 33. Be4 f5 34.
Bf3 Kd7 35. g4 Ke7 36. g5 Kd7 37. Bg2 Kc7 38. f4 b5+ 39. cxb6+ Kxb6 40. Bf3 Kc7
41. h4 Kd6 42. Bg2 Kd7 43. Bf3 Kd6 44. Bg2 Kd7 45. Bf3 Kd6 1/2-1/2

[Event "Isle of Man Major Minor"]
[Site "Douglas"]
[Date "2023.10.31"]
[Round "4.8"]
[White "Wynarczyk, Raymond"]
[Black "Fabri, Henrik"]
[Result "1/2-1/2"]
[WhiteElo "1676"]
[BlackElo "1903"]
[PlyCount "75"]
[EventDate "2023.10.28"]
[EventType "swiss"]
[EventRounds "7"]
[EventCountry "IOM"]
[SourceTitle "BritBase"]
[Source "John Saunders"]
[SourceDate "2023.11.12"]
[SourceVersion "1"]
[SourceVersionDate "2023.11.12"]
[SourceQuality "1"]

1. e4 e5 2. Nf3 Nc6 3. Bb5 a6 4. Ba4 Nf6 5. O-O Be7 6. d4 exd4 7. e5 Ne4 8.
Bxc6 dxc6 9. Qxd4 Qxd4 10. Nxd4 c5 11. Nf3 h6 12. Nbd2 Bf5 13. Nc4 Be6 14. Ncd2
Nxd2 15. Bxd2 Bf5 16. c3 O-O-O 17. Be3 Rd5 18. c4 Rd3 19. Rfd1 Rhd8 20. Rxd3
Rxd3 21. Ne1 Rd8 22. Kf1 g5 23. Ke2 Be6 24. b3 f6 25. exf6 Bxf6 26. Rd1 Re8 27.
Kf1 b6 28. h3 h5 29. Kg1 Bd7 30. Nd3 Bc6 31. Kf1 a5 32. Rc1 Rd8 33. Nb2 Bd4 34.
Nd3 g4 35. Bg5 gxh3 36. gxh3 Bf3 37. Re1 Rg8 38. h4 1/2-1/2